000 00256cam a2200133ua 4500
041 _amal
_h
082 _a954.01
_bNAR/SA
100 _aNarayani , Puthuval .
245 _aAsokan
300 _a120 ; .
504 _a
942 _cBK
999 _c4104
_d4104